000 00642nam a2200241Ia 4500
003 OSt
005 20220924114555.0
006 a|||||r|||| 00| 0
007 ta
008 220923b |||||||| |||| 00| 0 san d
024 _a253169
037 _cTextual
040 _aARTS
_cARTS
_bsan
041 _2san
_asan
082 _aP152:4k, 15H0
100 _aSarma Kedarnath Ed.
_9174324
245 0 _aSri kosa
260 _aBenares
_bJaya Krishna Das Haridas Gupta India
_c1940
300 _a112p.
_ccm.
650 _aLINGUISTICS
942 _hP152:4k, 15H0
_cTEXL
_2CC
999 _c394267
_d394267